LEADER 00984nam0-22003491i-450- 001 990009594900403321 005 20120903092444.0 010 $a978-88-15-13300-7 035 $a000959490 035 $aFED01000959490 035 $a(Aleph)000959490FED01 035 $a000959490 100 $a20120622d1997----km-y0itay50------ba 101 0 $aita 102 $aIT 105 $ay-------001yy 200 1 $a<>problema della guerra e le vie della pace$fNorberto Bobbio 205 $a4. ed 210 $aBologna$cIl Mulino$d1997$d[stampa] 2009 215 $aXVI,163 p.$d22 cm 225 1 $aBiblioteca paperbacks$v11 610 0 $aPace 610 0 $aGuerra 676 $a172.42$v21$zita 700 1$aBobbio,$bNorberto$f<1909-2004>$024662 801 0$aIT$bUNINA$gREICAT$2UNIMARC 901 $aBK 912 $a990009594900403321 952 $aCollez. 2231 (11)$b44847$fFSPBC 959 $aFSPBC 996 $aProblema della Guerra e le Vie della Pace$9509425 997 $aUNINA LEADER 03652nam 2200697 a 450 001 9910830419803321 005 20230721005433.0 010 $a9786612030147 010 $a1-282-03014-0 010 $a1-4443-0707-X 010 $a1-4443-0708-8 035 $a(CKB)1000000000724614 035 $a(EBL)437537 035 $a(OCoLC)317754313 035 $a(SSID)ssj0000247484 035 $a(PQKBManifestationID)11208683 035 $a(PQKBTitleCode)TC0000247484 035 $a(PQKBWorkID)10198971 035 $a(PQKB)11535421 035 $a(MiAaPQ)EBC437537 035 $a(EXLCZ)991000000000724614 100 $a20080606d2008 uy 0 101 0 $aeng 135 $aur|n|---||||| 181 $ctxt 182 $cc 183 $acr 200 00$aSocial inequality, analytical egalitarianism, and the march towards eugenic explanations in the social sciences$b[electronic resource] /$fedited by Laurence S. Moss 210 $aChichester, U.K. ;$aMalden, MA $cWiley-Blackwell$d2008 215 $a1 online resource (147 p.) 225 1 $aAJES - Studies in Economic Reform and Social Justice 300 $aDescription based upon print version of record. 311 $a1-4051-9124-4 311 $a1-4051-9125-2 320 $aIncludes bibliographical references and index. 327 $aSOCIAL INEQUALITY, ANALYTICAL EGALITARIANISM, AND THE MARCH TOWARDS EUGENIC EXPLANATIONS IN THE SOCIAL SCIENCES; Contents; I. Editor's Introduction; II. ON THE PEART AND LEVY THESIS: Observations on The "Vanity of the Philosopher"; The "Vanity of the Philosopher": Analytical Egalitarianism, Associationist Psychology, and Eugenic Remaking?; In the Shadows of Vanity: Religion and the Debate Over Hierarchy; The Vanity of the Economist: A Comment on Peart and Levy's The "Vanity of the Philosopher"*; Classical Equality: On the Content of Analytical Egalitarianism 327 $aThinking About Analytical EgalitarianismIII. ANTHROPOSOCIOLOGY: Social Anthropology in Economic Literature at the End of the 19th Century: Eugenic and Racial Explanations of Inequality; INDEX 330 $aThis book gathers together several essays by historians of economics who express varying reactions to the Peart-Levy thesis.Contains several essays by historians of economics who express varying reactions to the thesis expressed in Professors Sandra J. Peart's and David M. Levy's book The 'Vanity of the Philosopher': From Equality to Hierarchy in Post-classical EconomicsExplains the importance of 'analytic egalitarianism' in economics and the sad consequences of moving away from this approachProvides reading that can complement reading lists in economics, the mathematics 410 0$aAJES - Studies in Economic Reform and Social Justice 606 $aEconomics$xHistory$y19th century 606 $aEconomics$xHistory$y20th century 606 $aClassical school of economics 606 $aNeoclassical school of economics 606 $aEquality$xEconomic aspects 606 $aEugenics$xEconomic aspects 615 0$aEconomics$xHistory 615 0$aEconomics$xHistory 615 0$aClassical school of economics. 615 0$aNeoclassical school of economics. 615 0$aEquality$xEconomic aspects. 615 0$aEugenics$xEconomic aspects. 676 $a330.15/3 676 $a330.153 701 $aMoss$b Laurence S.$f1944-$0121721 801 0$bMiAaPQ 801 1$bMiAaPQ 801 2$bMiAaPQ 906 $aBOOK 912 $a9910830419803321 996 $aSocial inequality, analytical egalitarianism, and the march towards eugenic explanations in the social sciences$94013828 997 $aUNINA LEADER 02190oas 2200817 a 450 001 9910130900303321 005 20260218111320.0 011 $a1564-6386 035 $a(DE-599)ZDB2073874-2 035 $a(OCoLC)60638545 035 $a(CONSER) 2009250730 035 $a(CKB)110978978377481 035 $a(DE-599)2073874-2 035 $a(EXLCZ)99110978978377481 100 $a20050615a19469999 sf 101 0 $aeng 135 $aurun||||||||| 181 $ctxt$2rdacontent 182 $cc$2rdamedia 183 $acr$2rdacarrier 200 10$aAnnual report 210 $aWashington, D.C. $cInternational Bank for Reconstruction and Development 311 08$a0252-2942 517 1 $aAnnual report to the Board of Governors 517 1 $aWorld Bank/IDA annual report 517 1 $aWorld Bank annual report 517 1 $aYear in review 606 $aEconomic assistance$vPeriodicals 606 $aBanks and banking, International$vPeriodicals 606 $aEconomics 606 $aBanks and banking, International$2fast$3(OCoLC)fst00827100 606 $aEconomic assistance$2fast$3(OCoLC)fst00901592 608 $aPeriodical. 608 $aPeriodicals.$2fast 608 $aPeriodicals.$2lcgft 615 0$aEconomic assistance 615 0$aBanks and banking, International 615 2$aEconomics. 615 7$aBanks and banking, International. 615 7$aEconomic assistance. 676 $a332.1/532/05 712 02$aInternational Development Association 712 02$aInternational Finance Corporation 712 02$aMultilateral Investment Guarantee Agency 801 0$bOCLCS 801 1$bOCLCS 801 2$bTXJ 801 2$bBUF 801 2$bOCLCQ 801 2$bOCLCF 801 2$bOCLCO 801 2$bOCLCQ 801 2$bOCLCO 801 2$bOCLCQ 801 2$bLIP 801 2$bXFH 801 2$bWY@ 801 2$bAU@ 801 2$bVT2 801 2$bOCL 801 2$bCGU 801 2$bORE 801 2$bOCLCO 801 2$bOCLCQ 801 2$bU3W 801 2$bOCLCQ 801 2$bOCLCL 906 $aJOURNAL 912 $a9910130900303321 996 $aAnnual report$9162222 997 $aUNINA